000 00702nam a2200229 a 4500
001 BRL_463
005 20190320210743.0
008 160813s1948----mx-a######---#000-0#spa-#
041 _aspa
044 _amx
050 4 _aF1281
_b.V37 1948
100 1 _aVargas, Fulgencio
_923992
245 1 0 _aProceso histórico de la metrópoli guanajuatense
_cFulgencio Vargas ; dibujos originales y especiales de Alfonso Vargas Procel.
260 _aMéxico D.F.
_bB. Costa-Amic.
_c1948
300 _a138 p.
_bil. dibujos.
_c18 cm.
500 _aAu480
500 _aEjemplar intonso.
651 4 _aGuanajuato
_xHistoria
_923993
700 1 _aVargas Procel, Alfonso
_eil.
_923994
902 _aGRL
942 _2lcc
_cB
999 _c9275
_d9275